UBT Library

Grants Atlas Of Anatomy (Record no. 52834)

000 -LEADER
fixed length control field 00268nam a22001217a 4500
008 - FIXED-LENGTH DATA ELEMENTS--GENERAL INFORMATION
fixed length control field 181205b xxu||||| |||| 00| 0 eng d
041 ## - LANGUAGE CODE
Language code of text/sound track or separate title eng
080 ## - UNIVERSAL DECIMAL CLASSIFICATION NUMBER
Universal Decimal Classification number 611
100 ## - Rafti
Rafti 6
101 ## - Shkurtesa
Shkurtesa ANA
245 ## - TITLE STATEMENT
Title Grants Atlas Of Anatomy
Statement of responsibility, etc Grant.j.c.b
942 ## - ADDED ENTRY ELEMENTS (KOHA)
Source of classification or shelving scheme
Item type Books
Holdings
Withdrawn status Lost status Source of classification or shelving scheme Damaged status Not for loan Collection code Permanent location Current location Shelving location Date acquired Total Checkouts Full call number Barcode Date last seen Price effective from Koha item type
          Koleksioni i përgjithshem UBT - Lipjan UBT - Lipjan Koleksioni i përgjithshem 12/05/2018   611 GRA 002-3012222 12/05/2018 12/05/2018 Books
UBT Library © 2015-2024. All rights reserved University Education for Business and Technology